Qué se sabe sobre la calidad de la educación parvularia chilena?
में बचाया:
| स्वरूप: | पुस्तक |
|---|---|
| भाषा: | स्पेनिश |
| प्रकाशित: |
Concepción
Universidad de Concepción
2002
Concepción UNICEF 2002 |
| श्रृंखला: | Ciclo de Debates. Desafíos de la Política Educacional, 9
|
| विषय: | |
| टैग: |
टैग जोड़ें
कोई टैग नहीं, इस रिकॉर्ड को टैग करने वाले पहले व्यक्ति बनें!
|
MARC
| LEADER | 00000nam a2200000 a 4500 | ||
|---|---|---|---|
| 001 | UCM8971 | ||
| 003 | CL-VaPUC | ||
| 008 | 030404e20020000cl |||||||||||||||||spa|d | ||
| 082 | 0 | 4 | |a 372.21 |b QUE |2 21 |
| 245 | 1 | 0 | |a Qué se sabe sobre la calidad de la educación parvularia chilena? |
| 300 | |a 64 p | ||
| 942 | |c BK | ||
| 945 | |d 20030404 00:00:00 |a cmena | ||
| 260 | |a Concepción |b Universidad de Concepción |c 2002 | ||
| 260 | |a Concepción |b UNICEF |c 2002 | ||
| 650 | 0 | |a Educación preescolar |9 260381 | |
| 650 | 0 | |a Calidad de la educación |9 307271 | |
| 583 | |a last modification |c 20171220 02:27:33 |k Rodrigo Vera | ||
| 490 | 0 | |a Ciclo de Debates. Desafíos de la Política Educacional, 9 | |
| 999 | |c 303378 |d 303376 | ||
| 952 | |0 0 |1 0 |4 0 |6 372_210000000000000_QUE_2002_2002 |7 0 |8 A |9 364642 |a BIBEDU |b BIBEDU |d 2019-11-21 |i 3890627 |o 372.21 QUE 2002 2002 |p 3890627 |r 2019-11-21 |w 2019-11-21 |y BK |k EDU | ||
| 952 | |0 0 |1 0 |4 0 |6 372_210000000000000_QUE_2002_2002 |7 0 |8 A |9 364643 |a BIBEDU |b BIBEDU |d 2019-11-21 |i 3901777 |o 372.21 QUE 2002 2002 |p 3901777 |r 2019-11-21 |w 2019-11-21 |y BK |k EPE | ||
| 952 | |0 0 |1 0 |4 0 |6 372_210000000000000_QUE_2002_2002 |7 0 |8 A |9 364644 |a BIBEDU |b BIBEDU |d 2019-11-21 |i 4633482 |o 372.21 QUE 2002 2002 |p 4633482 |r 2019-11-21 |w 2019-11-21 |y BK |k PAR | ||